KOHA-Header-6

Pakistan 2001-2002 An Official Handbook (Record no. 12035)

000 -LEADER
fixed length control field 00340nam a22001217a 4500
082 ## - DEWEY DECIMAL CLASSIFICATION NUMBER
Classification number 954.900
100 ## - MAIN ENTRY--AUTHOR NAME
Personal name Directorate General of Films and Publications
245 ## - TITLE STATEMENT
Title Pakistan 2001-2002 An Official Handbook
260 ## - PUBLICATION, DISTRIBUTION, ETC. (IMPRINT)
Place of publication Islamabad
Name of publisher Pakistan 2001-2002 An Official Handbook
Year of publication 2002
300 ## - PHYSICAL DESCRIPTION
Number of Pages 409
650 ## - SUBJECT ADDED ENTRY--TOPICAL TERM
Topical Term Economics
942 ## - ADDED ENTRY ELEMENTS (KOHA)
Koha item type Books
Holdings
Withdrawn status Lost status Collection code Permanent Location Current Location Shelving location Full call number Accession Number Koha item type
    English Literature MAJU MAJU Shelf No.A13 954.900 3507 English Literature

Powered by Koha